Corporate environmental management 3 : Towards sustainable development

Bibliographic Details
Main Author: WELFORD 1960-
Format: Book
Published: London : Earthscan Pub. , 2000
Subjects:

MARC

LEADER 00000cam a2200000 7i4500
001 0000000565
005 20000907.0
020 0 0 |a 1853836605 
090 0 0 |a 363.7   |b WEL 2000 
100 1 0 |a WELFORD   |h Richard   |c 1960- 
245 1 0 |a Corporate environmental management 3 :   |b Towards sustainable development   |c Richard Welford 
260 0 0 |a London :   |b Earthscan Pub. ,   |c 2000 
300 |a vii, 184 p. ;   |c 24 cm. 
500 0 0 |a Bibliography: [p. 174-179] and index 
650 0 0 |a Environmental management 
650 0 0 |a Sustainable development 
999 |a 0000001666   |b Monograph   |c Open Shelf   |e Default branch